De por qué a Franz le dolió el estómago ; (Registro nro. 14847)

000 -CABECERA
campo de control de longitud fija 01580nam a2200289Ia 4500
003 - IDENTIFICADOR DEL NÚMERO DE CONTROL
campo de control OSt
005 - FECHA Y HORA DE LA ÚLTIMA TRANSACCIÓN
campo de control 20230321171443.0
008 - DATOS DE LONGITUD FIJA--INFORMACIÓN GENERAL
campo de control de longitud fija 141031s9999 xx 000 0 spa d
020 ## - NÚMERO INTERNACIONAL ESTÁNDAR DEL LIBRO
Número Internacional Estándar del Libro 9789580411437
040 ## - FUENTE DE LA CATALOGACIÓN
Centro/agencia transcriptor CO-MqBPB
041 ## - CÓDIGO DE LENGUA
Código de lengua del texto/banda sonora o título independiente spa
082 ## - NÚMERO DE LA CLASIFICACIÓN DECIMAL DEWEY
Número de clasificación C
Número de documento/Ítem NOSp
100 10 - ENTRADA PRINCIPAL--NOMBRE DE PERSONA
Nombre de persona Nöstlinger, Christina
Fechas asociadas al nombre 1936-
9 (RLIN) 9715
245 10 - MENCIÓN DE TÍTULO
Título De por qué a Franz le dolió el estómago ;
Mención de responsabilidad, etc. Christine Nöstlinger ; traducido por Federico Schopt ; ilustrado por Erhard Dietl
264 ## - PRODUCCIÓN, PUBLICACIÓN, DISTRIBUCIÓN, FABRICACIÓN Y COPYRIGHT
Producción, publicación, distribución, fabricación y copyright Bogotá;
Nombre del de productor, editor, distribuidor, fabricante Norma,
Fecha de producción, publicación, distribución, fabricación o copyright 2006.
300 ## - DESCRIPCIÓN FÍSICA
Extensión 56 páginas;
Otras características físicas ilustraciones, Tapa Rústica
Dimensiones 18 cm.
336 ## - TIPO DE CONTENIDO
Término de tipo de contenido texto
Código de tipo de contenido txt
Fuente rdacontent
337 ## - TIPO DE MEDIO
Nombre/término del tipo de medio sin mediación
Código del tipo de medio n
Fuente rdamedia
338 ## - TIPO DE SOPORTE
Nombre/término del tipo de soporte volumen
Código del tipo de soporte nc
Fuente rdacarrier
500 ## - NOTA GENERAL
Nota general Franz no le gustan algunas cosas de la escuela, entre ellas su maestro Zac Zac y su peor enemigo, Daniel Eberhard. La abuelita de Franz y Lily le ayudan a solucionar ambos problemas, pero ¡qué líos en los que lo meten! Ésta es una entrañable historia acerca del nerviosismo y la angustia que siente Franz, como todos los niños, ante ciertos eventos que ocurren cada día y que no puede evitar. ¿Cómo enfrentan los pequeños lectores sus propias incertidumbres? Ésta es una invitación a pensar un poco más en el papel de la familia y de los amigos.
534 ## - NOTA SOBRE LA VERSIÓN ORIGINAL
Mención de título del original Schulgeschichten von Franz
650 14 - PUNTO DE ACCESO ADICIONAL DE MATERIA--TÉRMINO DE MATERIA
Término de materia o nombre geográfico como elemento de entrada Cuentos infantiles austriacos
Fuente del encabezamiento o término LEMB
9 (RLIN) 6309
Subdivisión general Amistad
650 14 - PUNTO DE ACCESO ADICIONAL DE MATERIA--TÉRMINO DE MATERIA
Término de materia o nombre geográfico como elemento de entrada Literatura infantil austriaca
Fuente del encabezamiento o término LEMB
9 (RLIN) 6370
Subdivisión general Aventuras
650 14 - PUNTO DE ACCESO ADICIONAL DE MATERIA--TÉRMINO DE MATERIA
Término de materia o nombre geográfico como elemento de entrada Autores austriacos
Fuente del encabezamiento o término LEMB
9 (RLIN) 9716
Subdivisión general Temas de la vida real
700 10 - PUNTO DE ACCESO ADICIONAL--NOMBRE DE PERSONA
Nombre de persona Dietl, Erhard
Fechas asociadas al nombre 1953-
9 (RLIN) 9717
942 ## - ELEMENTOS DE PUNTO DE ACCESO ADICIONAL (KOHA)
Fuente del sistema de clasificación o colocación
Tipo de ítem Koha Libro Literatura
Existencias
Estado de retiro Estado de pérdida Fuente del sistema de clasificación o colocación Estado dañado No para préstamo Código de colección Localización permanente Ubicación/localización actual Ubicación en estantería Fecha de adquisición Fuente de adquisición Total de préstamos Renovaciones totales Signatura topográfica completa Código de barras Fecha visto por última vez Fecha del último préstamo Número de copia Precio válido a partir de Tipo de ítem Koha Nota pública
          Literatura Infantil Biblioteca Pública San Juan Bosco Biblioteca Pública San Juan Bosco Literatura 21/03/2023 d 3 2 C NOSp MOS503072 25/09/2024 04/09/2023 Ej. 1 21/03/2023 Libro Literatura Quince días

© Todos los derechos reservados para la Biblioteca Pública Municipal San Juan Bosco, 2020
Secretaria de Cultura de Mosquera
Carrera 3 N° 10 Esquina Centro Cultural Barrio El Carmén Teléfono: 8270830 Ext: 34
Funcionando con KOHA
Contacto: Biblioteca Pública Municipal San Juan Bosco/ bibliotecasanjuanbosco@mosquera-cundinamarca.gov.co
Mosquera, Cundinamarca